The book of thousand lights : selection from Mishkat-ul-masabeeh

Bibliographic Details
Main Author: Husain, S. Athar , 1920- (Author)
Format: Book
Published: Lucknow : Academy of Islamic Research and Publications , 1978
Subjects:

MARC

LEADER 00000cam a2200000 7i4500
001 0000004406
005 20180116093000.0
008 021118s1978
090 0 0 |a BP135.A2   |b H87 
100 0 |a Husain, S. Athar ,   |d 1920- ,   |e author 
245 1 4 |a The book of thousand lights :   |b selection from Mishkat-ul-masabeeh   |c Syed Athar Husain 
260 2 |a Lucknow :   |b Academy of Islamic Research and Publications ,   |c 1978 
300 |a 124 p. ;   |c 22 cm. 
650 0 |a Hadith   |v Early works to 1800 
999 |a 1000002706   |b Book   |c OPEN SHELF (30 DAYS)   |e Gong Badak Campus 
999 |a 1000002707   |b Book   |c OPEN SHELF (30 DAYS)   |e Gong Badak Campus